000 00180 a2200097 4500
020 _a078073004997
041 _aeng
100 _aEmily Rodda
245 _aReturn to del
942 _cK
999 _c26725
_d26725